000 00349nam a2200133Ia 4500
008 211109s9999||||xx |||||||||||||| ||und||
082 _a894.812
_bVAS-N
100 _aVasudevan Nair [m T],
245 0 _aNalu Kette
260 _bCurrent Books
_aTrichur
_c1959
630 _xGeneral Stack
650 _aMALAYALAM LITERATURE
_xGeneralia
942 _cBOOK
999 _c20671
_d20671